Arquitectura precolombina / (Record no. 7890)

MARC details
000 -LEADER
campo de control de longitud fija 00840nam a2200265 i 4500
001 - NÚMERO DE CONTROL
campo de control 7890
003 - IDENTIFICADOR DE NÚMERO DE CONTROL
campo de control ES-MaACL
005 - FECHA Y HORA DE LA ÚLTIMA TRANSACCIÓN
campo de control 20230906145332.0
007 - CAMPO FIJO DE DESCRIPCIÓN FÍSICA--INFORMACIÓN GENERAL
campo de control de longitud fija t|
008 - DATOS DE LONGITUD FIJA--INFORMACIÓN GENERAL
campo de control de longitud fija 910517s1989 sp ||||1| spa d
020 ## - NÚMERO INTERNACIONAL ESTÁNDAR DEL LIBRO
Número Internacional Estándar del Libro 84-60073-9
080 ## - NÚMERO DE LA CLASIFICACIÓN DECIMAL UNIVERSAL
Número de la Clasificación Decimal Universal 72.031.8
100 1# - ENTRADA PRINCIPAL--NOMBRE DE PERSONA
Nombre de persona Gendrop, Paul.
9 (RLIN) 56295
245 10 - MENCIÓN DEL TÍTULO
Título Arquitectura precolombina /
Mención de responsabilidad, etc. Paul Gendrop, Doris Heyden.
260 ## - PUBLICACIÓN, DISTRIBUCIÓN, ETC.
Lugar de publicación, distribución, etc. Madrid :
Nombre del editor, distribuidor, etc. Aguilar/Asuri,
Fecha de publicación, distribución, etc. cop. 1989.
300 ## - DESCRIPCIÓN FÍSICA
Extensión 237 p., [28] p. de lam. :
Otras características físicas il. ;
Dimensiones 25 cm.
490 1# - MENCIÓN DE SERIE
Mención de serie Historia universal de la arquitectura
500 ## - NOTA GENERAL
Nota general Indice de nombres y lugares.
504 ## - NOTA DE BIBLIOGRAFÍA, ETC.
Nota de bibliografía, etc. Bibliogr.: p. 225-229.
650 14 - PUNTO DE ACCESO ADICIONAL DE MATERIA--TÉRMINO DE MATERIA
Término de materia o nombre geográfico como elemento de entrada Arquitectura precolombina.
9 (RLIN) 10046
700 1# - ENTRADA AGREGADA--NOMBRE PERSONAL
Nombre de persona Heyden, Doris.
9 (RLIN) 63523
830 0# - PUNTO DE ACCESO ADICIONAL DE SERIE-TÍTULO UNIFORME
Título uniforme Historia universal de la arquitectura
9 (RLIN) 177982
852 ## - LOCALIZACIÓN
Ubicación ES-MaACL
Número de control de estantería L-15128
Sublocalización o colección R.119474
Nota libre . - cart.
Holdings
Estatus retirado Estado de pérdida Estado de daño No para préstamo Biblioteca de origen Biblioteca actual Ubicación en estantería Fecha de adquisición Fuente de adquisición Total de préstamos Signatura topográfica completa Código de barras Visto por última vez Precio de reemplazo Tipo de ítem Koha
        Biblioteca del Ateneo de Madrid Biblioteca del Ateneo de Madrid Depósito 2 17/01/2008     L-15128 1008047 23/02/2023 23/02/2023 Libro impreso